| 000 | 00388 a2200169 4500 | ||
|---|---|---|---|
| 001 | 190083 | ||
| 020 | _a978-85-7665-147-5 | ||
| 040 | _cMagnum | ||
| 100 | _aAguiar, Luiz Antonio | ||
| 240 | 1 | 0 |
_aEdifício rainha Leonarda _lpor |
| 245 | 1 | 0 | _aEdifício rainha Leonarda |
| 300 | _a174 | ||
| 362 | 0 | _a2006 | |
| 440 | 1 | _aPlaneta do Brasil | |
| 697 | _aLITERATURA JUVENIL | ||
| 942 | _cBK | ||
| 999 |
_c190083 _d190083 |
||